Southville International School and Colleges
Your cart is empty.
  • Cart
  • Lists
    Public lists Eva Luna New books Lux_list list_1
    Your lists Log in to create your own lists
  • Log in to your account
  • Your cookies
  • Search history
Southville International School and Colleges
  • Advanced search
  • Recent comments
  • Most popular
  • Libraries

Log in to your account

Log in with GOOGLE


If you do not have an external account, but do have a local account, you can still log in:

  1. Home
  2. MARC view: The grammar devotional :
Normal view MARC view ISBD view

The grammar devotional : (Record no. 9034)

[ view plain ]
MARC details
000 -LEADER
fixed length control field 00778nam a22002417a 4500
003 - CONTROL NUMBER IDENTIFIER
control field SISC
005 - DATE AND TIME OF LATEST TRANSACTION
control field 20160317130855.0
008 - FIXED-LENGTH DATA ELEMENTS--GENERAL INFORMATION
fixed length control field 130822t xxu||||| |||| 00| 0 eng d
020 ## - INTERNATIONAL STANDARD BOOK NUMBER
International Standard Book Number 9780805091656
050 ## - LIBRARY OF CONGRESS CALL NUMBER
Classification number PE 1112
Item number .F6125 2009
082 ## - DEWEY DECIMAL CLASSIFICATION NUMBER
Classification number HS 428.2
Item number .F655 2009
100 ## - MAIN ENTRY--PERSONAL NAME
Personal name Fogarty, Mignon
9 (RLIN) 12230
245 ## - TITLE STATEMENT
Title The grammar devotional :
Remainder of title daily tips for successful writing from grammar girl /
Statement of responsibility, etc Mignon Fogarty.
250 ## - EDITION STATEMENT
Edition statement 1st Holt paperbacks ed
260 ## - PUBLICATION, DISTRIBUTION, ETC. (IMPRINT)
Place of publication, distribution, etc New York :
Name of publisher, distributor, etc Henry Holt and Company,
Date of publication, distribution, etc c2009.
300 ## - PHYSICAL DESCRIPTION
Extent 232 p.
Other physical details ill, ;
Dimensions 18 cm.
500 ## - GENERAL NOTE
General note Includes index.
650 ## - SUBJECT ADDED ENTRY--TOPICAL TERM
Topical term or geographic name as entry element English language.
General subdivision Grammar.
9 (RLIN) 12231
650 ## - SUBJECT ADDED ENTRY--TOPICAL TERM
Topical term or geographic name as entry element English language.
General subdivision Rhetoric.
9 (RLIN) 12232
650 ## - SUBJECT ADDED ENTRY--TOPICAL TERM
Topical term or geographic name as entry element Report writing.
9 (RLIN) 1734
942 ## - ADDED ENTRY ELEMENTS (KOHA)
Source of classification or shelving scheme Library of Congress Classification
Koha item type Books
Holdings
Withdrawn status Lost status Source of classification or shelving scheme Damaged status Home library Current library Shelving location Date acquired Total Checkouts Total Renewals Full call number Barcode Date last seen Date checked out Copy number Price effective from Koha item type
    Library of Congress Classification   Luxembourg Library Luxembourg Library High School Section 08/22/2013 3 17 PE 1112 .F6125 2009 19258 04/10/2019 03/19/2019 1 08/22/2013 Books

The grammar devotional :

APA

Fogarty M., . (2009). The grammar devotional. New York: Henry Holt and Company.

Chicago

Fogarty Mignon, . 2009. The grammar devotional. New York: Henry Holt and Company.

Harvard

Fogarty M., . (2009). The grammar devotional. New York: Henry Holt and Company.

MLA

Fogarty Mignon, . The grammar devotional. New York: Henry Holt and Company. 2009.

  • Place hold
  • Print
  • Cite
  • Add to your cart (remove)
  • Save record
    BIBTEX Dublin Core MARCXML MARC (non-Unicode/MARC-8) MARC (Unicode/UTF-8) MARC (Unicode/UTF-8, Standard) MODS (XML) RIS
  • More searches
    Search for this title in:
    Other Libraries (WorldCat) Other Databases (Google Scholar) Online Stores (Bookfinder.com) Open Library (openlibrary.org)

Exporting to Dublin Core...

SOUTHVILLE LIBRARY

Southville International School and Colleges Library

1281 Tropical Ave. Cor. Luxembourg St., BF Homes International, Las Pinas City

Tel. No. 8256374 / 252358 Loc. 117/146

Powered by Koha